Tribals in India: Changing scenario (Record no. 395742)
[ view plain ]
| 000 -LEADER | |
|---|---|
| fixed length control field | 00678 a2200253 4500 |
| 005 - DATE & TIME | |
| control field | 20260401112939.0 |
| 008 - FIXED-LENGTH DATA ELEMENTS--GENERAL INFORMATION | |
| fixed length control field | 260324b |||||||| |||| 00| 0 eng d |
| 020 ## - ISBN | |
| International Standard Book Number | 9788131614372 |
| Price | Rs. 1195.00 |
| 040 ## - CATALOGING SOURCE | |
| Original cataloging agency | VIVEKANANDA LIBRARY |
| 082 ## - DDC NUMBER | |
| Classification number | 305.8954 |
| Book Number | T155T |
| 100 ## - MAIN ENTRY--PERSONAL NAME | |
| Personal name | Tandon, Shruti, ed. |
| 245 ## - TITLE STATEMENT | |
| Title | Tribals in India: Changing scenario |
| 260 ## - PUBLICATION, DISTRIBUTION, ETC. (IMPRINT) | |
| Name of publisher, distributor, etc | Rawat Publications |
| Date of publication, distribution, etc | 2025 |
| Place of publication, distribution, etc | New Delhi |
| 300 ## - PHYSICAL DESCRIPTION | |
| Pages | 214 |
| 440 ## - Series Statement | |
| Series Title | Indian society and culture |
| 650 ## - Subject | |
| Subject | Sociology |
| 650 ## - Subject | |
| Subject | Social Groups |
| 650 ## - Subject | |
| Subject | Ethnic |
| 650 ## - Subject | |
| Subject | Caste- Tribal |
| 700 ## - Added Entry Personal Name | |
| Added Entry Personal Name | Nawria, Mahesh, ed. |
| 700 ## - Added Entry Personal Name | |
| Added Entry Personal Name | Singh, Parul, ed. |
| 700 ## - Added Entry Personal Name | |
| Added Entry Personal Name | Bhargava, Naresh, S, ed. |
| 942 ## - ADDED ENTRY ELEMENTS (KOHA) | |
| Koha item type | Books |
| Withdrawn status | Lost status | Source of classification or shelving scheme | Damaged status | Not for loan | Location (home branch) | Sublocation or collection (holding branch) | Shelving location | Date acquired | Koha issues (times borrowed) | Koha full call number | Accession No. | Koha date last seen | Koha item type |
|---|---|---|---|---|---|---|---|---|---|---|---|---|---|
| Dewey Decimal Classification | VIVEKANANDA LIBRARY | VIVEKANANDA LIBRARY | Vivekananda Library | 22/01/2026 | 305.8954 T155T | 444523 | 22/01/2026 | Books |
